ZO ŽIVOTA VLADIMÍRA SERGEJEVIČA SOLOVJEVA

Bibliographic Details
Main Author: Šafin, Ján, 1967- (Author)
Format: Article
Language:Slovak

MARC

LEADER 00000nab a2200000uu 4500
001 vtls011142314
003 SK-MaSNL
005 20260303145722.0
008 230222|2004 xo |||||||||||||||||slo|
015 |a SNBRB 
035 |a (urnnbn)urn:nbn:sk:snk:ar-008dbc 
035 |a (uuid)8b47a3f3-9bbc-42eb-a2b8-5f5e51af860a 
035 |a urn:nbn:sk:snk-abattn 
040 |a SNKBUCL  |b slo  |c SNKBUCL  |e AACR2 
041 0 |a slo 
044 |a xo  |c SK 
100 1 |a Šafin, Ján,  |d 1967-  |4 aut  |9 213981 
245 1 0 |a ZO ŽIVOTA VLADIMÍRA SERGEJEVIČA SOLOVJEVA  |c Ján Šafin 
773 0 |t Pravoslávny teologický zborník  |g Č. 27 (2004), s. 343-351 
954 |a odborná, vedecká literatúra pôvodná (slovenská)  |2 lita 
958 |a OND 
958 |a EUIPO 
958 |a article14 
999 |c 2004692  |d 2006622